000 00596nam a2200205 a 4500
003 BD-DhJNU
005 20250716041540.0
008 250501s1971 ii a b 001 0 eng
010 _a79133806
040 _aBD-DhJNU
_bENG
_cBD-DhJNU
_dBD-DhJNU
082 0 0 _a324.273 BOA
_223
100 1 _aBone, Hugh A.
245 1 0 _aAmerican politics and the party system /
_cHugh A. Bone
250 _a4th ed.
260 _aNew York :
_bMcGraw-Hill,
_c1971.
300 _ax, 685 p. :
_bill. ;
_c23 cm.
504 _aIncludes bibliographical references and index.
650 0 _aPolitical parties
942 _cBK
999 _c1903
_d1903